000 00407nam a2200157Ia 4500
003 OSt
005 20230529104540.0
008 211028s2015 xx 000 0 und d
040 _cAIMIT LIBRARY
041 _aeng
100 _aPereira, Carmen Lysandra; Santhosh, B.
_98564
_e131905
110 _aSanthosh B
_98565
245 _aAdvanced web architecture.
260 _aMangalore
_c2015
942 _2ddc
_cPRO
999 _c219951
_d219951